Olbracht-Prondzyński, Cezary. Kaszubi. - Gdańsk : Instytut Kaszubski. - 2002 [Rezension]
| Titel: | Olbracht-Prondzyński, Cezary. Kaszubi. - Gdańsk : Instytut Kaszubski. - 2002 [Rezension] |
|---|---|
| Verfasser: | |
| In: |
Rocznik Gdański, Band 63, Heft 1/2 (2003), Seite 225-228 alle Artikel anzeigen |
| Veröffentlicht: | 2003 |
| Format: | Aufsatz |
| Sprache: | Polnisch |
X
alg: 39486435 001A $01999:12-11-16 001B $01999:03-08-21 $t21:04:50.000 001D $01999:12-11-16 001U $0utf8 001X $00 002@ $0Aox 003@ $0394864352 007A $0394864352 $aHEB 007T $0Herd76006 010@ $apol 011@ $a2003 021A $aOlbracht-Prondzyński, Cezary. Kaszubi. - Gdańsk : Instytut Kaszubski. - 2002 [Rezension] 028A $#Borzyszkowski, Josef $#Bòrzëszkòwsczi, Józef $7103361952 $8Borzyszkowski, Józef$Z1946- [Tp1] $9138771383 031A $d63 $e1/2 $h225-228 $j2003 039B $aIn $8--Abvc--. Rocznik Gdański. - Gdańsk : Wydawn. Gdańskie, 1927-. - ISSN 0080-3456 $x200300000630001775 $9047550872 039T $8--Aau--Olbracht-Prondzyński, Cezary [Tnx]. Kaszubi. - Gdańsk : Instytut Kaszubski, 2002. - 828 S.. - zahlr. Ill.. - ISBN 83-914815-8-1 $9112290205 045F $a900.94382 $eDDC23BSB 045F/01 $a900 045F/03 $g4382 045F/03 $g43832 045T $a9,10 $a8 lok: 39486435 78 exp: 39486435 78 1 #EPN 201B/01 $018-11-16 $t12:58:46.000 201U/01 $0utf8 203@/01 $079116294X 208@/01 $a12-11-16 $be 209A/01 $a/ $f000 $x00 220C/01 $aTitelaufnehmer: cs 244Z/01 $2Trx $#Prusy Wschodnie i Zachodnie $8--Trx--Ost- und Westpreußen $x01 $939113373X 244Z/01 $2Trx $#arvustused $#recenzijos $#Reviews $#recenziók $#recenzje $#recenzie $#recenze $8--Trx--Rezensionen $x02 $9391357441 247C/01 $82080>Marburg/Lahn, Herder-Institut, Forschungsbibliothek, Bibliographieportal $9336309341
| LEADER | 00000caa a22000002c 4500 | ||
|---|---|---|---|
| 001 | 394864352 | ||
| 003 | DE-603 | ||
| 005 | 20210803210450.0 | ||
| 007 | tu | ||
| 008 | 161112s2003 xx |||| | u00||u|pol c | ||
| 035 | |a (DE-599)HEB394864352 | ||
| 040 | |a DE-603 |b ger |c DE-603 |d DE-603 | ||
| 041 | |a pol | ||
| 082 | 0 | 4 | |8 1\u |a 900.94382 |q DE-101 |2 23/BSB |
| 084 | |a 9,10 |a 8 |2 ssgn | ||
| 085 | |8 1\u |b 900 | ||
| 085 | |8 1\u |z 2 |s 4382 | ||
| 085 | |8 1\u |z 2 |s 43832 | ||
| 100 | 1 | |a Borzyszkowski, Józef |d 1946- |0 (DE-603)138771383 |0 (DE-588)103361952 |2 gnd | |
| 245 | 0 | 0 | |a Olbracht-Prondzyński, Cezary. Kaszubi. - Gdańsk : Instytut Kaszubski. - 2002 [Rezension] |
| 264 | 0 | |c 2003 | |
| 773 | 0 | 8 | |i In |t Rocznik Gdański |d Gdańsk : Wydawn. Gdańskie, 1927- |x 0080-3456 |g Band 63, Heft 1/2 (2003), Seite 225-228 |w (DE-603)047550872 |w (DE-600)400807-8 |
| 787 | 0 | 8 | |i Rezension von |a Olbracht-Prondzyński, Cezary |t Kaszubi |d Gdańsk : Instytut Kaszubski, 2002 |h 828 S., zahlr. Ill. |z 8391481581 |z 8373260447 |w (DE-603)112290205 |
| 924 | 0 | |9 2080 |a (DE-603)79116294X |b DE-2080 |c HES |d d |g / | |


